00847nam a22001937a 4500003000200000005001700002008004100019050002400060100002500084245016600109260007100275300002800346500004100374504005800415650004000473650005000513650004200563650004800605020250220110513.0250220b xxu||||| |||| 00| 0 eng d aHF 5679b.Ol45 2023 aOliva, Genevieve B.  aLevel of effectiveness on the use of accounting software in the business process performance as perceived by selected business software userscGenevieve B. Oliva aLas Pinas CitybSouthville International School and Collegesc2023 aix, 74 pages ; c28cm.  aBachelor of Science in Accountancy.  aIncludes bibliographical references and appendices.  aAccounting software – Evaluation. aBusiness process performance – Measurement. aInformation technology -- Accounting. aEnterprise resource planning (ERP) systems.